| 000 | 00748nam a22002177a 4500 | ||
|---|---|---|---|
| 005 | 20220314141612.0 | ||
| 008 | 220314b mx ||||| |||| 00| 0 spa d | ||
| 020 | _a9786077603290 | ||
| 050 | 0 | 4 |
_aF1231.S34 _bL46 2009 |
| 100 | 1 | _aLeón-Portilla, Miguel | |
| 245 | 1 | 0 |
_aFray Bernardino de Sahagún / _cMiguel León Portilla |
| 260 |
_aMéxico : _bNostra Ediciones, _c2009 |
||
| 300 |
_a43 paginas ; _c24 cm. |
||
| 490 | 0 | _aPara entender | |
| 600 | 1 |
_aBernardino, de Sahagún, _d1499-1590 |
|
| 650 | 7 |
_2lemb _aFranciscanos _vBibliografía |
|
| 650 | 7 |
_2lemb _aHistoriadores _zMéxico _vBiografía |
|
| 650 | 7 |
_2lemb _aIndios de México _xHistoria _ySiglo XVI |
|
| 651 | 7 |
_2lemb _aMéxico _xHistoria _yColonia, 1540-1810 |
|
| 942 |
_2lcc _cLIB |
||
| 999 |
_c161038 _d161036 |
||